[Event "IM Marmaris Karia III 2018"]
[Site "Mentese Mugla"]
[Date "2018.10.26"]
[Round "1.1"]
[White "Eminov, Orkhan"]
[Black "Mammadov, Zaur"]
[Result "1/2-1/2"]
[WhiteElo "2343"]
[BlackElo "2465"]
[Annotator "TA"]
[PlyCount "29"]
[EventDate "2018.10.26"]
[EventType "tourn"]
[EventCountry "TUR"]
[SourceTitle "playchess.com"]
[Source "ChessBase"]
[SourceQuality "1"]

{[%evp 22,29,0,0,0,0,0,0,0,0]} 1. e4 c6 2. Nf3 d5 3. exd5 cxd5 4. c4 Nf6 5. d4 {[%cal Bd2d4,Bd4d5][%mdl 32]} Nc6 6. Nc3 Be6 7. Bg5 Ne4 8. Nxe4 {B13: Caro-Kann: Exchange Variation and Panov-Botvinnik Attack} (8. Bf4 Nxc3 9. bxc3 dxc4 10. Rb1 Qd7 11. Nd2 Bf5 12. Ra1 e6 13. Nxc4 Be7 14. Be2 O-O 15. O-O Rac8 16. a4 Rfd8 17. a5 Be4 18. Nd2 Bg6 19. Nc4 Be4 20. Nd2 Bg6 {½-½ (20) Tkachiev,V (2650)-Dreev,A (2654) Warsaw 2012}) 8... dxe4 9. d5 exf3 10. dxe6 Qa5+ 11. Qd2 Qe5+ 12. Qe3 {LiveBook: 16 Games. The position is equal.} Qa5+ $146 ({Predecessor:} 12... Qxb2 13. exf7+ Kxf7 14. Qxf3+ Ke8 15. Rc1 e6 {½-½ (26) Yu,R (2494)-Xiu,D (2528) Hangzhou 2018}) 13. Qd2 Qe5+ 14. Qe3 Qa5+ 15. Qd2 1/2-1/2

[Event "IM Marmaris Karia III 2018"]
[Site "Mentese Mugla"]
[Date "2018.10.26"]
[Round "1.2"]
[White "Dedebas, Emre Emin"]
[Black "Simantsev, Mikhail"]
[Result "1/2-1/2"]
[WhiteElo "2302"]
[BlackElo "2424"]
[Annotator "TA"]
[PlyCount "185"]
[EventDate "2018.10.26"]
[EventType "tourn"]
[EventCountry "TUR"]
[SourceTitle "playchess.com"]
[Source "ChessBase"]
[SourceQuality "1"]

{[%evp 20,185,5,0,60,14,14,19,44,0,0,0,27,24,70,70,52,50,49,54,53,48,75,78,78,84,87,43,49,48,39,38,73,76,73,73,73,73,73,69,93,88,93,90,94,94,94,94,94,94,94,93,95,95,277,220,200,197,185,104,134,126,131,105,107,108,109,99,108,85,85,85,94,90,98,98,101,89,104,97,98,88,89,88,88,88,89,89,90,73,87,73,73,73,73,73,77,73,77,77,77,77,88,77,77,77,77,77,83,83,90,77,77,0,97,0,84,0,89,0,81,77,77,77,77,77,77,43,43,43,43,43,43,43,43,43,77,77,77,77,77,77,77,77,77,77,77,77,77,77,77,77,77,77,77,77,84,43,43,43,43,43,43,43,43,0,43,0]} 1. d4 Nf6 2. Nf3 e6 3. c4 b6 4. g3 Ba6 5. Qa4 Bb7 6. Bg2 c5 7. dxc5 bxc5 8. O-O {[%cal Bh1f1,Bf1d1,Bd1d2][%mdl 32]} Be7 9. Nc3 O-O 10. Rd1 Qb6 11. Bf4 {LiveBook: 288 Games. E15: Queen's Indian: 4 g3 sidelines, 4 g3 Ba6 and 4 g3 Bb7 early deviations} Rc8 ({Better is} 11... Rd8 $11) 12. Rd2 Nc6 13. Rad1 $146 {The position is equal.} ({Predecessor:} 13. Qb5 Na5 14. b3 d5 15. cxd5 exd5 16. Ne5 d4 17. Bxb7 Nxb7 18. Nc4 Qc6 19. Qxc6 Rxc6 {0-1 (69) Khusenkhojaev,M (2445)-Kravtsiv,M (2662) Mumbai 2018}) 13... Na5 14. Ne1 {[%cal Bf3e1,Be1g2,Bg2e3,Be3g4][%mdl 32]} Bxg2 15. Nxg2 Qb4 16. Ne3 h6 17. Be5 Nc6 18. Bxf6 Bxf6 19. Qxb4 Nxb4 20. Ng4 Bxc3 21. bxc3 Nc6 22. Rxd7 Rab8 23. R1d2 Rb1+ 24. Kg2 Rc1 25. Rb2 Rxc3 {[#]} 26. Rbb7 $1 Rxc4 27. Ne3 $36 {[%mdl 2048] Keeping Black busy.} Rb4 28. Rxf7 Rxb7 29. Rxb7 $16 {[%mdl 4096] Endgame KRN-KRN} Nd4 30. Rxa7 Nxe2 31. Nc4 Nd4 32. a4 {[%cal Ba2a4,Ba4a5,Ba5a6][%mdl 32]} Rb8 33. a5 Rb4 34. Ne5 Kh7 35. h4 {[#] Hoping for h5.} h5 36. Rc7 Rb5 $2 (36... Ra4 $16 {was worth a try.}) 37. a6 {Threatens to win with a7.} Ra5 38. a7 {Black must now prevent Nc4.} Ra2 39. Rb7 (39. Nc4 $18 Nb5 40. Rxc5 Nxa7 41. Rxh5+ Kg8 42. Re5) 39... c4 40. Nxc4 {Strongly threatening Nb6.} Nc6 41. Rb6 Nxa7 42. Rxe6 Rc2 43. Ne3 Rc5 44. Nf1 Nc6 45. Nd2 Nd8 46. Re7 Rd5 47. Ne4 {aiming for Nf6+.} Kg6 48. Ra7 Nf7 49. Nc3 Rd2 50. Ra5 Kh6 51. Nd5 g6 52. Nf4 Kg7 53. Ra7 Kf6 54. Ra8 Rd6 55. Rg8 Ne5 56. Rf8+ Ke7 57. Ra8 Kf6 58. Nh3 Nf7 59. Ra7 Rc6 60. Nf4 Rd6 61. Ne2 Ne5 62. Nc3 Rd4 63. Ra5 Nf7 64. Nd5+ Kg7 65. Ne3 {And now Rxh5! would win.} Kf6 66. Nd5+ Kg7 67. Nf4 (67. Kf3 $16) 67... Kf6 (67... Rd2 $1 $11) 68. Ra8 Rd6 $1 69. Ra5 Rd4 $1 70. Nh3 (70. Kf1 {looks sharper.} Ne5 71. Ra6+ Kf7 72. Ke2 Re4+ 73. Kd2) 70... Rd6 71. Ng5 Nxg5 72. hxg5+ {KR-KR} Kf7 73. Kf3 Rd4 74. Ke3 Rg4 75. Re5 Kf8 76. Kf3 Kf7 77. Kg2 Kf8 78. Kh3 Rb4 79. Ra5 Rb2 80. Ra8+ Kf7 81. Ra7+ Kf8 82. Kg2 Rb5 83. f4 Rb3 84. Kf2 Kg8 85. Re7 Kf8 86. Re3 Rb4 87. Kf3 Kf7 88. g4 hxg4+ 89. Kxg4 Rb1 90. Kf3 Rb4 91. Rd3 Ke6 92. Re3+ Kf7 93. Kg4 {Precision: White = 55%, Black = 64%.} 1/2-1/2

[Event "IM Marmaris Karia III 2018"]
[Site "Mentese Mugla"]
[Date "2018.10.26"]
[Round "1.3"]
[White "Guseynov, Alihan"]
[Black "Bagaturov, Giorgi"]
[Result "1-0"]
[WhiteElo "2284"]
[BlackElo "2417"]
[Annotator "TA"]
[PlyCount "91"]
[EventDate "2018.10.26"]
[EventType "tourn"]
[EventCountry "TUR"]
[SourceTitle "playchess.com"]
[Source "ChessBase"]
[SourceQuality "1"]

{[%evp 20,91,14,22,10,9,22,21,20,0,8,-10,0,-2,0,-10,-7,-12,-22,-26,62,57,179,181,181,175,170,177,163,163,177,113,246,235,244,252,266,269,263,268,263,250,261,254,260,249,270,265,265,252,235,233,374,291,549,525,516,517,567,482,640,634,1016,952,1106,899,807,771,819,1178,4141,4137,7547,7547]} 1. d4 Nf6 2. c4 g6 3. Nc3 Bg7 4. Nf3 O-O 5. g3 d6 6. Bg2 Nc6 7. O-O e5 8. d5 Nb8 9. c5 {E62: King's Indian: Fianchetto: 6...c6 and Panno Variation (6...Nc6) without ...a6} (9. Ne1 a5 10. Nd3 Na6 11. e4 Nd7 12. Be3 Ndc5 13. Nxc5 Nxc5 14. Qd2 f5 15. exf5 gxf5 16. f4 e4 {1-0 (50) Svidler,P (2753)-Yu,Y (2759) Shenzhen 2018}) 9... Na6 10. cxd6 cxd6 11. Ne1 {LiveBook: 5 Games. The position is equal.} Bd7 12. Nd3 b5 13. a3 Rc8 $146 ({Predecessor:} 13... Qb6 14. Be3 Qb8 15. b4 Ng4 16. Bd2 f5 {1-0 (58) Batsuren,D (2321)-Kumic,F (2230) Senta 2018}) 14. Be3 Ng4 15. Bxa7 Qc7 16. h3 $1 Qxa7 17. hxg4 Bxg4 18. Nxb5 Qb6 19. a4 f5 (19... Rfe8 $11) 20. Qd2 $1 $14 g5 (20... e4 $14 21. Nf4 Nc5) 21. Rac1 $18 e4 22. Rxc8 Rxc8 23. Rc1 Rxc1+ 24. Nxc1 h6 25. b4 (25. Nb3 $18) 25... Bh5 (25... Be5 $16 {might work better.}) 26. Nb3 Be8 27. N3d4 Bxd4 28. Qxd4 Qxd4 29. Nxd4 Nxb4 30. Nxf5 Bxa4 31. Bxe4 {[%mdl 4096] Endgame KBN-KBN} Bb3 32. Nxh6+ Kg7 33. Nf5+ Kf6 34. Ne3 ({Don't play} 34. Nxd6 Ke5 $18) 34... Ke5 35. f3 Na6 (35... Kd4 {was worth a try.}) 36. Kf2 Nc5 $2 {[#]} (36... Kd4 37. Nf5+ Kc5) 37. Ng4+ {White is clearly winning.} Kd4 38. e3+ Kc3 39. Nf6 Kd2 40. Bf5 Kd1 41. g4 Bc4 42. Ne4 Nd3+ 43. Kg3 Ke2 44. Nxd6 Bxd5 45. Bxd3+ Kxd3 46. Kf2 {Precision: White = 80%, Black = 18%.} 1-0

[Event "IM Marmaris Karia III 2018"]
[Site "Mentese Mugla"]
[Date "2018.10.26"]
[Round "1.4"]
[White "Gasanov, Zaur"]
[Black "Rzayev, Bahruz"]
[Result "1-0"]
[WhiteElo "2195"]
[BlackElo "2381"]
[Annotator "TA"]
[PlyCount "99"]
[EventDate "2018.10.26"]
[EventType "tourn"]
[EventCountry "TUR"]
[SourceTitle "playchess.com"]
[Source "ChessBase"]
[SourceQuality "1"]

{[%evp 10,99,49,29,29,21,26,20,20,22,32,8,15,10,10,6,18,18,12,23,35,35,40,39,33,34,27,0,42,38,118,106,429,418,419,420,424,352,332,341,338,291,287,283,276,281,269,268,325,324,337,337,339,301,298,307,337,298,327,320,346,350,355,349,344,348,629,454,451,449,437,430,429,422,449,429,422,417,408,400,426,419,647,651,646,641,630,621,707,707,843,812]} 1. e4 c5 2. Nf3 e6 3. d4 cxd4 4. Nxd4 a6 5. Bd3 Nc6 6. Nb3 {LiveBook: 20 Partien} d5 {B42: Sizilianisch (Paulsen-Variante)} 7. exd5 exd5 8. O-O Nf6 {Die Stellung ist ausgeglichen.} 9. Re1+ Be7 10. c3 $146 ({Vorgänger:} 10. N1d2 O-O 11. h3 d4 12. Nf3 Bb4 13. Re2 Kh8 14. Bg5 {½-½ (41) Schauer,J (2149)-Palek,M (2225) Svetla nad Sazavou 1999}) 10... O-O 11. h3 Bd6 12. Bg5 Bc7 13. N1d2 Qd6 {[#] Droht stark ...Dh2+.} 14. Nf3 h6 15. Bxf6 Qxf6 16. Bc2 Be6 17. Nbd4 Bd7 18. Nb3 $40 {[%mdl 128] Weiss startet einen Angriff.} Be6 19. Nc5 g6 ({Besser ist} 19... Bf5 $14) 20. Bb3 $16 Bb6 $2 {[%mdl 8192]} (20... Rfe8 $16 {ist eine bessere Chance.}) 21. Nxe6 $18 fxe6 {[#]} 22. Rxe6 $1 {[%mdl 512]} Qf5 (22... Qxe6 23. Bxd5) 23. Qxd5 Kg7 24. Qxf5 Rxf5 25. Ba4 Rf6 26. Rxf6 Kxf6 27. Bxc6 bxc6 {[%mdl 4096] Endspiel KTL-KTS} 28. Rd1 Bc7 29. Rd7 Rc8 30. Kf1 c5 31. Rd5 Bf4 32. g3 Bc1 33. b3 c4 34. Rd6+ Kg7 35. bxc4 ({Viel schwächer ist} 35. Rxa6 cxb3 36. axb3 Rxc3 $18) 35... g5 36. Nd4 Rxc4 37. Nf5+ Kf8 $2 (37... Kf7 38. Rxa6 Rxc3 39. Nxh6+ Ke8) 38. Rf6+ Kg8 39. Nxh6+ Kh7 40. Rxa6 Rxc3 41. Ng4 Rc2 42. Ne5 Bb2 43. Nf3 Rc5 44. a4 Bc3 45. Rb6 Ra5 (45... g4 $142 46. hxg4 Rc4 47. Rb7+ Kg8) 46. Rb5 {Weiß steht klar auf Gewinn.} Rxa4 47. Nxg5+ Kg6 48. h4 Kh6 49. Rb6+ Kh5 50. Kg2 {Precision: Weiß = 82%, Schwarz = 37%.} 1-0

[Event "IM Marmaris Karia III 2018"]
[Site "Mentese Mugla"]
[Date "2018.10.26"]
[Round "1.5"]
[White "Alaz, Ahmet Efekan"]
[Black "Gevorgyan, Maria"]
[Result "1/2-1/2"]
[WhiteElo "2121"]
[BlackElo "2207"]
[Annotator "NA"]
[PlyCount "191"]
[EventDate "2018.10.26"]
[EventType "tourn"]
[EventCountry "TUR"]
[SourceTitle "playchess.com"]
[Source "ChessBase"]
[SourceQuality "1"]
[TimeControl "5400+30"]

{[%evp 12,171,0,6,10,-8,15,23,25,1,11,-30,-27,-32,-17,-30,-17,-10,-5,-8,-12,-11,-8,-12,-19,-11,-4,-8,-4,-9,-8,-7,-11,-4,-8,-11,-8,0,-3,-4,-15,-6,-2,-6,0,-8,0,0,0,0,0,0,0,0,0,0,0,0,0,0,0,0,0,0,0,0,0,0,0,-7,0,0,0,0,32767,32767,32767,32767,32767,0,0,0,0,0,0,0,0,0,0,0,0,0,0,0,0,0,0,-2,0,0,0,32767,32767,32767,32767,-8,-2,-123,-123,-21,-8,-4,0,0,0,0,0,-16,0,-105,32767,32767,32767,-124,-53,-105,-121,-116,-127,-92,32767,32767,32767,-8,0,32767,32767,-127,32767,32767,-92,-108,-92,32767,-8,-8,0,-121,-8,-497,-777,-629,-799,32767,32767,32767,32767,-287,-265,-304,0,-387]} 1. d4 {[%emt 0:00:30]} Nf6 {[%emt 0:00:30]} 2. Nf3 {[%emt 0:00:00]} e6 {[%emt 0:00:00]} 3. e3 {[%emt 0:00:00]} d5 {[%emt 0:00:00]} 4. Bd3 {[%emt 0:00:30]} c5 {[%emt 0:00:30]} 5. c3 {[%emt 0:00:00]} Nc6 {[%emt 0:00:00]} 6. Nbd2 {[%emt 0:00:00]} Be7 {[%emt 0:01:00]} 7. O-O {[%emt 0:00:30]} O-O {[%emt 0:00:00]} 8. dxc5 {[%emt 0:01:30] LiveBook: 30 Games D05: Damenbauernspiele (Colle-Aufbau)} (8. Ne5 Nd7 9. f4 f5 10. g4 Nf6 11. gxf5 exf5 12. Ndf3 Ne4 13. Qe2 Rf6 14. Kh1 Rh6 15. Rg1 Nxe5 16. Nxe5 {0-1 (62) Kramnik,V (2812)-Vachier Lagrave,M (2789) Paris 2016 CBM 173 [Mekhitarian,K]}) 8... a5 {[%emt 0:00:00]} 9. e4 {[%emt 0:00:30]} a4 {[%emt 0:01:30]} 10. Re1 $146 {[%emt 0:05:30]} ({Vorgänger:} 10. Qe2 Qc7 11. h3 h6 12. exd5 exd5 13. b4 axb3 14. Nxb3 Re8 15. Be3 Ne4 {0-1 (40) Schormann,C (2105)-Pontikis,A (2000) IECG email 2004}) 10... Bxc5 {[%emt 0:04:30]} 11. Qe2 {[%emt 0:05:30]} Ng4 {[%emt 0:06:30]} 12. Rf1 {[%emt 0:02:30]} Nce5 {[%emt 0:03:30]} 13. Nxe5 {[%emt 0:03:30]} Nxe5 {[%emt 0:00:30]} 14. exd5 {[%emt 0:01:30]} Nxd3 {[%emt 0:00:30]} 15. Qxd3 {[%emt 0:00:00]} Qxd5 {[%emt 0:00:30]} 16. Qxd5 {[%emt 0:03:00]} exd5 {[%emt 0:00:30]} 17. Nf3 {[%emt 0:06:30]} Re8 {[%emt 0:15:30]} 18. Bd2 {[%emt 0:13:30]} Ra6 {[%emt 0:07:30]} 19. Rfe1 {[%emt 0:06:30]} Rae6 {[%emt 0:05:30]} 20. Nd4 {[%emt 0:14:30]} Rxe1+ {[%emt 0:05:30]} 21. Rxe1 {[%emt 0:00:30]} Rxe1+ {[%emt 0:00:30]} 22. Bxe1 {[%emt 0:00:00]} Bd7 {[%emt 0:00:30]} 23. Bd2 {[%emt 0:03:00]} f6 {[%emt 0:00:30]} 24. Be3 {[%emt 0:01:30]} Kf7 {[%emt 0:00:30]} 25. Kf1 {[%emt 0:02:30]} g5 {[%emt 0:01:30]} 26. f3 {[%emt 0:04:30]} h5 {[%emt 0:04:30]} 27. Kf2 {[%emt 0:00:30]} Bd6 {[%emt 0:02:30]} 28. g3 {[%emt 0:01:30]} h4 {[%emt 0:05:30]} 29. a3 {[%emt 0:03:30]} Kg6 {[%emt 0:00:30]} 30. Kg2 {[%emt 0:01:33]} Kh5 {[%emt 0:06:30]} 31. Kf2 {[%emt 0:02:44]} f5 {[%emt 0:07:30]} 32. Ne2 {[%emt 0:01:46]} Bc7 {[%emt 0:03:25]} 33. Kg2 {[%emt 0:01:17]} Bc6 {[%emt 0:05:15]} 34. Kf2 {[%emt 0:01:02]} Bd6 {[%emt 0:00:44]} 35. Bb6 {[%emt 0:03:09]} Kg6 {[%emt 0:02:15]} 36. Nd4 {[%emt 0:01:20]} Bd7 {[%emt 0:00:19]} 37. Ne2 {[%emt 0:01:02]} hxg3+ {[%emt 0:00:41]} 38. hxg3 {[%emt 0:00:10]} Be7 {[%emt 0:01:12]} 39. Ke3 {[%emt 0:01:07]} Kf7 {[%emt 0:02:39]} 40. Nc1 {[%emt 0:01:35]} Bd6 {[%emt 0:01:33]} 41. Ne2 {[%emt 0:04:49]} Ke7 {[%emt 0:03:10]} 42. f4 {[%emt 0:00:53]} Bb5 {[%emt 0:01:47]} 43. Nd4 {[%emt 0:00:26]} gxf4+ {[%emt 0:00:10]} 44. gxf4 {[%emt 0:00:08]} Bd7 {[%emt 0:00:02]} 45. Nf3 {[%emt 0:01:09]} Ke6 {[%emt 0:02:35]} 46. Ne1 {[%emt 0:02:44]} Kf6 {[%emt 0:01:02]} 47. Nd3 {[%emt 0:00:49]} Bb5 {[%emt 0:00:02]} 48. Ne1 {[%emt 0:01:17]} Kg6 {[%emt 0:00:55]} 49. Kf3 {[%emt 0:00:38]} Be7 {[%emt 0:00:41]} 50. Nc2 {[%emt 0:00:32]} Bd3 {[%emt 0:00:43]} 51. Nd4 {[%emt 0:00:51]} Kh5 {[%emt 0:01:02]} 52. Ne6 {[%emt 0:00:38]} Be4+ {[%emt 0:00:25]} 53. Ke3 {[%emt 0:00:16]} Kg4 {[%emt 0:00:27]} 54. Bd8 {[%emt 0:00:54]} Bd6 {[%emt 0:00:17]} 55. Bc7 {[%emt 0:00:17]} Be7 {[%emt 0:00:46]} 56. Bd8 {[%emt 0:00:43]} Bxd8 {[%emt 0:00:30]} 57. Nxd8 {[%emt 0:00:03]} d4+ {[%emt 0:00:00]} 58. Kxd4 {[%emt 0:00:53]} Kxf4 {[%emt 0:00:01]} 59. c4 {[%emt 0:00:36]} (59. Ne6+ $11 Kg4 60. Ke5) 59... Kg3 {[%emt 0:01:22]} 60. Ne6 {[%emt 0:00:31] [#]} Bc6 {[%emt 0:00:24]} ({Better is} 60... Bb1 $1 $17 61. Ke5 Kg4) 61. Ke3 {[%emt 0:00:36]} b6 {[%emt 0:01:00]} 62. Nf4 $1 {[%emt 0:00:20]} Bb7 {[%emt 0:00:11]} 63. Nh5+ {[%emt 0:00:33]} Kg4 64. Nf4 {[%emt 0:00:16]} Ba6 {[%emt 0:00:53]} 65. Ng6 {[%emt 0:00:45]} (65. Nd5 $1 $11) 65... Kg3 {[%emt 0:00:15]} 66. Nf4 {[%emt 0:00:34]} Bxc4 {[%emt 0:00:05]} 67. Nh5+ $1 {[%emt 0:00:16]} Kg4 {[%emt 0:00:01]} 68. Nf4 {[%emt 0:00:19]} Bf7 {[%emt 0:01:20]} 69. Nd3 {[%emt 0:00:24]} Be8 {[%emt 0:00:11]} 70. Ne5+ {[%emt 0:00:39]} Kg3 {[%emt 0:00:04]} 71. Nd3 {[%emt 0:00:10]} Kg2 {[%emt 0:00:03]} 72. Ne5 {[%emt 0:01:10]} Kg3 {[%emt 0:00:53]} 73. Nd3 {[%emt 0:00:08]} Bc6 {[%emt 0:00:25]} 74. Nf4 {[%emt 0:00:17]} Bb5 {[%emt 0:00:04]} 75. Nd5 {[%emt 0:00:30]} Bd7 {[%emt 0:01:07]} 76. Nf4 {[%emt 0:00:27]} Bc6 {[%emt 0:00:04]} 77. Ne2+ {[%emt 0:00:00]} Kg2 {[%emt 0:01:15]} ({Better is} 77... Kg4 $17 78. Nf4 b5) 78. Nd4 {[%emt 0:00:00]} Bd7 {[%emt 0:00:18]} 79. Ne2 {[%emt 0:02:07] [#]} (79. Kf4 $11) 79... Kf1 {[%emt 0:00:04]} (79... b5 $1 $17 80. Kf4 Kf1) 80. Nc3 $2 {[%emt 0:00:29]} (80. Nd4 $11 {und Weiss muss sich keine Sorgen machen.}) 80... Ke1 {[%emt 0:00:19]} 81. Nd5 {[%emt 0:00:32]} b5 {[%emt 0:00:02]} 82. Nf4 {[%emt 0:00:32]} Kd1 {[%emt 0:00:35]} 83. Kd3 {[%emt 0:00:02]} Bc6 {[%emt 0:00:07]} 84. Kc3 {[%emt 0:00:50]} Be8 {[%emt 0:02:15]} 85. b3 {[%emt 0:00:39]} axb3 {[%emt 0:01:08]} 86. Kxb3 $19 {[%emt 0:00:06]} Kd2 {[%emt 0:00:04]} 87. Kb2 {[%emt 0:00:47]} Ke3 {[%emt 0:00:34]} 88. Nd5+ {[%emt 0:00:29]} Kd4 {[%emt 0:00:28]} 89. Nf4 {[%emt 0:00:39]} Bf7 {[%emt 0:00:10]} 90. Kc2 {[%emt 0:00:21]} Ke3 {[%emt 0:00:44]} 91. Ng2+ {[%emt 0:00:35]} Kf3 {[%emt 0:01:19]} 92. Nh4+ {[%emt 0:00:24]} Kg4 {[%emt 0:00:35]} 93. Nxf5 {[%emt 0:00:32]} Kxf5 {[%emt 0:00:15]} 94. Kc3 {[%emt 0:00:02]} Ke4 {[%emt 0:00:30]} 95. a4 {[%emt 0:00:32]} bxa4 {[%emt 0:00:03]} 96. Kb2 {[%emt 0:00:06]} 1/2-1/2

[Event "IM Marmaris Karia III 2018"]
[Site "Mentese Mugla"]
[Date "2018.10.26"]
[Round "2.1"]
[White "Simantsev, Mikhail"]
[Black "Eminov, Orkhan"]
[Result "1-0"]
[WhiteElo "2424"]
[BlackElo "2343"]
[Annotator "TA"]
[PlyCount "97"]
[EventDate "2018.10.26"]
[EventType "tourn"]
[EventCountry "TUR"]
[SourceTitle "playchess.com"]
[Source "ChessBase"]
[SourceQuality "1"]

{[%evp 21,97,34,64,63,50,50,58,32,103,54,73,47,102,62,76,0,0,0,14,0,15,14,73,36,41,41,39,-85,0,-62,0,0,109,93,168,85,55,46,48,45,141,138,120,109,108,129,133,135,75,0,93,128,127,0,128,122,167,121,135,124,410,403,397,368,375,267,29986,29987,29987,1935,988,0,29987,29988,29985,5631,29987,29988]} 1. d4 g6 2. c4 Bg7 3. Nc3 d6 4. e4 Nf6 5. h3 O-O 6. Nf3 e5 7. d5 Nbd7 8. Be3 Nc5 9. Nd2 a5 10. g4 {[%cal Bg2g4,Bg4g5][%mdl 32]} c6 11. Be2 Bd7 12. g5 {E92: King's Indian: Classical: 6 Be2 e5: 7 dxe5, 7 Be3 and Petrosian System without 7...Nbd7} (12. h4 cxd5 13. cxd5 Rc8 14. g5 Nh5 15. Bxc5 Rxc5 16. Bxh5 gxh5 17. Qxh5 b5 18. a4 bxa4 19. Qd1 Qc7 20. Nxa4 {0-1 (45) Grischuk,A (2751)-Naiditsch,A (2686) Novi Sad 2016 CBM 176 [Szabo,Kr]}) 12... Ne8 13. h4 f5 14. f3 {White is slightly better.} Bh8 $146 (14... a4 $14) ({Predecessor:} 14... Qb8 15. Nb3 b6 16. Nxc5 bxc5 17. Qd2 Rf7 18. O-O-O cxd5 19. Nxd5 Ra6 {1-0 (46) Braun,A (2579)-Raykhman,A (2412) Germany 2017}) 15. Qc2 Ng7 16. O-O-O a4 (16... Qc7 $1 $14) 17. Ndb1 cxd5 {Strongly threatening ...d4.} 18. exd5 (18. Bxc5 $16 dxc5 19. cxd5) 18... Rc8 19. Na3 Nh5 20. Rhg1 Qe7 21. Kb1 Ng7 (21... Nf4 $11) 22. f4 exf4 23. Bxf4 Ne4 24. Nab5 (24. Rge1 $14 {keeps the upper hand.}) 24... Ne8 (24... Nh5 $1 $17 {[%cal Rh5f4]} 25. Bd2 Be5) 25. Rge1 (25. Rde1 $11) 25... Nxc3+ (25... a3 $1 $15 26. Bd3 (26. Nxa3 Bxc3 27. bxc3 Ba4 $17) 26... axb2 27. Nxe4 fxe4 28. Rxe4 Qxe4 $3 {[%mdl 512]} 29. Bxe4 Rxf4) 26. Nxc3 $11 b5 (26... a3 $1 $11) 27. Bf1 $16 Qg7 (27... Qd8 $16) 28. a3 (28. cxb5 $18 a3 29. Qb3 axb2 30. Na4) 28... bxc4 29. Ka2 Rb8 30. Bxc4 Bc8 (30... Rf7 $14) 31. Nxa4 Qa7 {aiming for ...Qxa4!} 32. Nc3 Ba6 33. Bxa6 Qxa6 34. Qd3 $1 {[%cal Rd3a6]} Qb6 {[%csl Gb8][%cal Rb6b2]} 35. Qc2 ({White should try} 35. b4 $16) 35... Rf7 (35... Qa6 $11 {keeps the balance.} 36. Qd3 Qb6) 36. Be3 $1 {[%cal Re3b6]} Qa6 37. Qd3 ({Better is} 37. Bd4 $1 $16) 37... Qb7 (37... Rfb7 $1 $11 {remains equal.} 38. Bc1 (38. Qxa6 {leads to mate.} Rxb2+ 39. Ka1 Bxc3 40. Qb7 R2xb7+ 41. Ka2 Rb2+ 42. Ka1 Rh2#) 38... Qa5) 38. b4 Qa8 {White must now prevent ...Rxb4.} 39. Rb1 Nc7 {[#]} 40. Bd4 $1 $36 {[%mdl 2048] Black is under strong pressure.} Nxd5 $2 {[%mdl 8192] [#]} (40... Bxd4 $16 41. Qxd4 Nb5 42. Nxb5 Rxb5) 41. Bxh8 $1 $18 Nxb4+ {[#]} 42. Rxb4 $1 Rxb4 43. Bf6 Rfb7 $2 (43... Rb8 $18 44. Nd5 Re8) 44. Qd5+ Kf8 45. Be7+ (45. Qxd6+ $142 Kg8 46. Bd8 Rb2+ 47. Ka1 Rb1+ 48. Nxb1 Qa4 49. Qd5+ Kf8 50. Qxb7 Qd4+ 51. Qb2) 45... Kg7 46. Bf6+ (46. Bxd6 $18 Rb2+ 47. Ka1) 46... Kf8 47. Qxd6+ Kg8 48. Qe6+ (48. Bd8 $142 Rb2+ 49. Ka1 Re2 50. Rxe2 Re7 51. Rxe7 Qh1+ 52. Nb1 Qe4 53. Rxe4 fxe4 54. Qe7 e3 55. Qe8+ Kg7 56. Bf6#) 48... Kf8 49. Be7+ {Precision: White = 45%, Black = 29%.} 1-0

[Event "IM Marmaris Karia III 2018"]
[Site "Mentese Mugla"]
[Date "2018.10.26"]
[Round "2.2"]
[White "Bagaturov, Giorgi"]
[Black "Dedebas, Emre Emin"]
[Result "1-0"]
[WhiteElo "2417"]
[BlackElo "2302"]
[Annotator "TA"]
[PlyCount "65"]
[EventDate "2018.10.26"]
[EventType "tourn"]
[EventCountry "TUR"]
[SourceTitle "playchess.com"]
[Source "ChessBase"]
[SourceQuality "1"]

{[%evp 16,65,30,35,54,23,19,20,41,49,34,27,33,39,56,32,42,41,60,60,64,40,52,38,52,48,45,54,50,46,42,39,63,52,76,22,56,45,56,52,62,49,187,174,189,173,215,206,244,258,524,518]} 1. c4 e5 2. g3 Nc6 3. Bg2 Bc5 4. e3 d6 5. Ne2 a6 6. Nbc3 {A20: English Opening: 1...e5} Ba7 7. b3 Nf6 (7... Nge7 8. Bb2 h5 9. h4 Bg4 10. d3 Qd7 11. Qd2 Rb8 12. Rc1 O-O 13. Ne4 {1-0 (51) Topalov,V (2749)-Grischuk,A (2761) Paris 2017}) 8. O-O O-O 9. Bb2 {LiveBook: 12 Games} Re8 10. d3 Ne7 11. d4 Ng6 $146 ({Predecessor:} 11... exd4 12. Nxd4 Rb8 13. Nd5 Nexd5 14. cxd5 Bg4 15. Qc2 Qd7 16. e4 {½-½ (60) Markowski,T (2505)-Jovanic,O (2285) Pula 1998}) 12. dxe5 Nxe5 13. h3 Bd7 14. Nf4 Rb8 15. a4 Bc5 16. a5 Bc6 17. Nfd5 Nxd5 18. cxd5 Bd7 19. Kh2 Ng6 20. Ne4 Ba7 21. Qh5 f6 22. Rac1 Rc8 23. Rfd1 Qe7 24. Rd2 Ne5 25. Qe2 ({White should play} 25. Bxe5 $16 Qxe5 26. Qxe5 fxe5 27. b4) 25... Bf5 26. Nc3 {[%cal Be4c3,Bc3a4,Ba4c5,Bc5a6][%mdl 32]} Bg6 27. Na4 Nd7 28. Bd4 Nc5 {[#]} (28... Bxd4 $14 29. Rxd4 Ne5) 29. Bxc5 $1 $18 dxc5 30. Qc4 {Black must now prevent d6+.} Qd6 31. Nxc5 Rb8 32. b4 b6 $2 {[#]} (32... Re7 33. Qc3 Kh8) 33. Nxa6 {Precision: White = 83%, Black = 30%.} 1-0